01652cam a22004334i 4500003000900000005001700009008004100026020001800067035002700085035001800112035001800130040004300148082002300191082002100214100003000235245024700265264005200512300007700564336002600641337002800667338002700695504002800722505024500750526000900995526000901004526000901013526000901022526000901031526000901040526000801049526000801057526000801065526000801073526000801081526000801089541001701097650006901114651003501183PE-LiUPU20250731184600.0140702s2010 pe abdogrb 001 0 spa d a9786120003015 a(Sirsi) i9786120003015 a(Sirsi) 47709 a(Sirsi) 47709 aPE-LiUPUbspacPE-LiUPUdPE-LiUPUerda04a910.285085712bM4904a910.28bM49 20101 aMeza Arquiñigo, Carlos.10aAplicación del sistema de información geográfica en el modelamiento del río Ucayali :bidentificación de los cambios y su influencia ambiental (sector Pucallpa) /cCarlos Meza Arquiñigo ; responsable de la edición Raúl Huerta. 1aLima :bUniversidad Mayor de San Marcos,c2010. a128 páginas :bilustraciones mapas, gráficos, fotografías ;c24 cm atextbtxt2rdacontent aunmediatedbn2rdamedia avolumebnc2rdacarrier aIncluye bibliografía.0 aGeneralidades. Marco teórico y referencial. Materiales y métodos. Diagnóstico. Ingreso de datos y procesamiento de la información. Estructuración y modelamiento. Análisis de los resultados. Conclusiones y recomendaciones. Mapas. aP136 aP135 aP134 aP133 aP144 aP143 aP87 aP35 aP20 aP14 aP10 aP06 g020-0002811;14aSistemas de información geográficazPerú - Ucayali (Río) 4aPerúzUcayali (Río)xMapas